Myth and deity in Japan : The interplay of Kami and Buddhas
This English translation of a book originally written in Japanese by one of the country's most knowledgeable, penetrating, and eclectic scholars of Japanese religion and spirituality presents an engaging overview of the country's religious legacy, as well as offering insights into how reli...
Na minha lista:
| Autor principal: | |
|---|---|
| Formato: | Livro |
| Idioma: | Undetermined |
| Publicado em: |
Tokyo
Japan Publishing Industry Foundation for Culture
2017
|
| Assuntos: | |
| Tags: |
Adicionar Tag
Sem tags, seja o primeiro a adicionar uma tag!
|
| Thư viện lưu trữ: | Trung tâm Học liệu Trường Đại học Cần Thơ |
|---|
| LEADER | 01093nam a2200229Ia 4500 | ||
|---|---|---|---|
| 001 | CTU_236091 | ||
| 008 | 210402s9999 xx 000 0 und d | ||
| 082 | |a 294.3 | ||
| 082 | |b T757 | ||
| 100 | |a Tōji, Kamata | ||
| 245 | 0 | |a Myth and deity in Japan : | |
| 245 | 4 | |b The interplay of Kami and Buddhas | |
| 245 | 0 | |c Kamata Tōji ; translated by Gaynor Sekimori | |
| 260 | |a Tokyo | ||
| 260 | |b Japan Publishing Industry Foundation for Culture | ||
| 260 | |c 2017 | ||
| 520 | |a This English translation of a book originally written in Japanese by one of the country's most knowledgeable, penetrating, and eclectic scholars of Japanese religion and spirituality presents an engaging overview of the country's religious legacy, as well as offering insights into how religion can become a force for peaceful coexistence, rather than violent extremism. | ||
| 650 | |a Buddhism and psychoanalysis.,Buddhism,Phật giáo | ||
| 650 | |x Relations,Shinto.,Thần đạo.,Quan hệ | ||
| 904 | |i Tuyến | ||
| 910 | |a Tuyến | ||
| 980 | |a Trung tâm Học liệu Trường Đại học Cần Thơ | ||